000 01052nam a22003497a 4500
001 BR0504762
003 BR-BrBNA
005 20230928102023.0
007 ta
008 230509b bl.||||| |||| 00| 0 por d
040 _aBR-BrBNA
_bpor
_cBiblioteca Nacional de Agricultura
041 _a(Por)
072 _aP33; F04
_b1410
090 _ 1410 BR0504762
100 1 _aSouza, R.F. de
110 1 _aUniversidade Federal de Lavras, MG (Brasil)
_0Tese (Doutorado)
245 1 _aDinâmica de fósforo em solos sob influência da calagem e adubação orgânica, cultivados com feijoeiro
260 3 _aLavras, MG (Brasil):
_c2005.
300 _a141 p.
500 _aSummaries (Eng, Por); Several bibliography; 23 illus.; 31 tables
650 _aFEIJÃO
650 _aCALAGEM
650 _aADUBAÇÃO
650 _aMATÉRIA ORGÂNICA
650 _aADSORÇÃO
650 _aFÓSFORO
650 _aMACROELEMENTO
650 _aNUTRIÇÃO VEGETAL
650 _aRELAÇÃO SOLO-PLANTA
909 _a202309
_bLucia
_c55
_dLucia Elande
942 _cBK
999 _c68741
_d68741